[Event "18. Obert Int. Sant Marti 2016"]
[Site "Barcelona ESP"]
[Date "2016.07.13"]
[Round "1.1"]
[White "Bachmann, Axel"]
[Black "Gautier, Anand"]
[Result "1-0"]
[WhiteElo "2649"]
[BlackElo "2186"]
[PlyCount "74"]
[EventDate "2016.07.13"]
[EventType "swiss"]
[EventRounds "9"]
[EventCountry "ESP"]
[SourceTitle "Ajedrez en Madrid"]
[Source "lmi"]
[SourceDate "2016.07.13"]
[SourceVersion "1"]
[SourceVersionDate "2019.06.21"]
[SourceQuality "1"]

1. c4 Nf6 2. Nc3 g6 3. e4 d6 4. d4 Bg7 5. Nf3 O-O 6. h3 Na6 7. Be3 e5 8. d5 Nc5
9. Nd2 a5 10. g4 c6 11. Be2 Bd7 12. h4 a4 13. g5 Ne8 14. h5 Nc7 15. a3 cxd5 16.
exd5 N7a6 17. Nde4 Bf5 18. Ng3 Nb3 19. Nxf5 gxf5 20. h6 Bh8 21. Nxa4 Nxa1 22.
Qxa1 Qa5+ 23. Nc3 e4 24. Kf1 Be5 25. Qc1 Nc5 26. Nb5 Qd8 27. Qd2 Qd7 28. b4 Na6
29. Bb6 Kh8 30. c5 f6 31. Nxd6 Bxd6 32. cxd6 Qxd6 33. Bd4 Rad8 34. Ba1 Nc7 35.
gxf6 Rf7 36. Bh5 Rxf6 37. Qg5 Ne8 1-0

[Event "18. Obert Int. Sant Marti 2016"]
[Site "Barcelona ESP"]
[Date "2016.07.13"]
[Round "1.2"]
[White "Rendboe, John"]
[Black "Peralta, Fernando"]
[Result "0-1"]
[WhiteElo "2183"]
[BlackElo "2588"]
[PlyCount "58"]
[EventDate "2016.07.13"]
[EventType "swiss"]
[EventRounds "9"]
[EventCountry "ESP"]
[SourceTitle "Ajedrez en Madrid"]
[Source "lmi"]
[SourceDate "2016.07.13"]
[SourceVersion "1"]
[SourceVersionDate "2019.06.21"]
[SourceQuality "1"]

1. d4 Nf6 2. c4 e6 3. Nc3 Bb4 4. e3 c5 5. Bd3 Nc6 6. Nf3 Bxc3+ 7. bxc3 d6 8.
O-O e5 9. Ng5 O-O 10. Qc2 h6 11. Nh7 Nxh7 12. Bxh7+ Kh8 13. Be4 Qc7 14. dxc5
dxc5 15. Bd5 Be6 16. e4 Na5 17. Qe2 Rae8 18. Be3 b6 19. Rfd1 Qc8 20. Rab1 f5
21. exf5 Rxf5 22. f3 Rff8 23. Rb5 e4 24. fxe4 Bg4 25. Qd2 Bxd1 26. Qxd1 Nxc4
27. Bc1 Nd6 28. Qh5 Nxe4 29. Bxh6 Nf6 0-1

[Event "18. Obert Int. Sant Marti 2016"]
[Site "Barcelona ESP"]
[Date "2016.07.13"]
[Round "1.4"]
[White "Chung, Mathilde"]
[Black "Libiszewski, Fabien"]
[Result "0-1"]
[WhiteElo "2169"]
[BlackElo "2542"]
[PlyCount "68"]
[EventDate "2016.07.13"]
[EventType "swiss"]
[EventRounds "9"]
[EventCountry "ESP"]
[SourceTitle "Ajedrez en Madrid"]
[Source "lmi"]
[SourceDate "2016.07.13"]
[SourceVersion "1"]
[SourceVersionDate "2019.06.21"]
[SourceQuality "1"]

1. d4 Nf6 2. c4 g6 3. Nc3 Bg7 4. e4 d6 5. Nf3 O-O 6. Be2 Nbd7 7. O-O e5 8. Qc2
Nh5 9. Bg5 Bf6 10. Be3 exd4 11. Nxd4 Nf4 12. Rfd1 Nxe2+ 13. Qxe2 Re8 14. f3 c6
15. Rac1 h5 16. b4 h4 17. Nb3 Qe7 18. Qd2 Ne5 19. Ne2 Be6 20. Qxd6 Bxc4 21. Nf4
Qxd6 22. Rxd6 Be7 23. Rd4 b5 24. Nc5 Bxa2 25. Na6 Rac8 26. Nd3 Nc4 27. Bf2 Red8
28. Nac5 Rxd4 29. Bxd4 Rd8 30. Bf2 Bf6 31. Kf1 h3 32. g4 Ne5 33. Nxe5 Bxe5 34.
Bg1 Rd2 0-1

[Event "18. Obert Int. Sant Marti 2016"]
[Site "Barcelona ESP"]
[Date "2016.07.13"]
[Round "1.5"]
[White "Gomez Garrido, Camilo Ernesto"]
[Black "Villar Reymundo, Juan Antonio"]
[Result "1-0"]
[WhiteElo "2541"]
[BlackElo "2165"]
[PlyCount "93"]
[EventDate "2016.07.13"]
[EventType "swiss"]
[EventRounds "9"]
[EventCountry "ESP"]
[SourceTitle "Ajedrez en Madrid"]
[Source "lmi"]
[SourceDate "2016.07.13"]
[SourceVersion "1"]
[SourceVersionDate "2019.06.21"]
[SourceQuality "1"]

1. e4 c5 2. Nf3 Nc6 3. d4 cxd4 4. Nxd4 e5 5. Nb5 d6 6. N1c3 a6 7. Na3 b5 8. Nd5
Nge7 9. Bg5 h6 10. Be3 Nxd5 11. exd5 Ne7 12. c4 Nf5 13. Bd2 Be7 14. Bd3 O-O 15.
O-O Bg5 16. cxb5 Nh4 17. Kh1 f5 18. f3 Bxd2 19. Qxd2 f4 20. bxa6 Qg5 21. Rf2
Bxa6 22. Bxa6 Rxa6 23. Nb5 Rc8 24. Nc3 Nf5 25. Qd3 Rb6 26. a4 Rcb8 27. Ra2 Qh4
28. Kg1 Ne3 29. Qe2 Rb3 30. Ra1 Nf5 31. Nb5 Ne3 32. Nxd6 Qd8 33. Nb5 Qxd5 34.
Qe1 Rc8 35. Nc3 Qb7 36. Qe2 Rc4 37. a5 Rcb4 38. a6 Qa7 39. Kh1 Nc4 40. Nd5 Rxb2
41. Nxb4 Rxe2 42. Rxe2 Qd4 43. Ree1 Nd6 44. Nc6 Qc5 45. Nxe5 h5 46. a7 h4 47.
Nd7 1-0

[Event "18. Obert Int. Sant Marti 2016"]
[Site "Barcelona ESP"]
[Date "2016.07.13"]
[Round "1.6"]
[White "Parnali, S Dharia"]
[Black "Shyam, Sundar M."]
[Result "0-1"]
[WhiteElo "2161"]
[BlackElo "2526"]
[PlyCount "99"]
[EventDate "2016.07.13"]
[EventType "swiss"]
[EventRounds "9"]
[EventCountry "ESP"]
[SourceTitle "Ajedrez en Madrid"]
[Source "lmi"]
[SourceDate "2016.07.13"]
[SourceVersion "1"]
[SourceVersionDate "2019.06.21"]
[SourceQuality "1"]

1. d4 Nf6 2. c4 e6 3. g3 d5 4. Nf3 dxc4 5. Bg2 Bd7 6. O-O c5 7. Nbd2 Bc6 8.
Nxc4 cxd4 9. Qxd4 Na6 10. Be3 Qxd4 11. Bxd4 Bd5 12. Ne3 Be4 13. Rac1 Be7 14. a3
O-O 15. b4 Rfd8 16. b5 Nb8 17. Rc4 Nbd7 18. Ne5 Bxg2 19. Kxg2 Nb6 20. Rc7 Rxd4
21. Rxe7 Nbd7 22. N3g4 Nxe5 23. Nxe5 Rd5 24. Nxf7 Rf8 25. e4 Nxe4 26. Re1 Nxf2
27. Rxb7 Rd2 28. Rf1 Ng4+ 29. Kg1 Nxh2 30. Rf4 Rc8 31. Rf2 Rc1+ 32. Kg2 Rxf2+
33. Kxf2 Rf1+ 34. Kg2 Rxf7 35. Rb8+ Rf8 36. Rb7 Ng4 37. Rxa7 Ne3+ 38. Kg1 Rf1+
39. Kh2 Rf2+ 40. Kg1 Rb2 41. a4 Rb4 42. Rd7 Nc4 43. Ra7 h5 44. Kg2 Nb2 45. a5
Rxb5 46. a6 Ra5 47. Rb7 Nc4 48. a7 Kh7 49. Rb5 Rxa7 50. Rxh5+ 0-1

[Event "18. Obert Int. Sant Marti 2016"]
[Site "Barcelona ESP"]
[Date "2016.07.13"]
[Round "1.8"]
[White "Capellades Subirana, Marc"]
[Black "Karthikeyan, Murali"]
[Result "0-1"]
[WhiteElo "2153"]
[BlackElo "2513"]
[PlyCount "150"]
[EventDate "2016.07.13"]
[EventType "swiss"]
[EventRounds "9"]
[EventCountry "ESP"]
[SourceTitle "Ajedrez en Madrid"]
[Source "lmi"]
[SourceDate "2016.07.13"]
[SourceVersion "1"]
[SourceVersionDate "2019.06.21"]
[SourceQuality "1"]

1. e4 c5 2. Nf3 e6 3. d4 cxd4 4. Nxd4 a6 5. Nc3 Qc7 6. Bd3 Nf6 7. Be3 Nc6 8.
Qe2 b5 9. O-O Bb7 10. Rfe1 Be7 11. Rad1 O-O 12. Nxc6 dxc6 13. f4 e5 14. fxe5
Qxe5 15. Rf1 Qe6 16. Bf4 Ng4 17. e5 f6 18. h3 Nxe5 19. Rfe1 Rae8 20. Qh5 g6 21.
Qh6 c5 22. Be4 Bxe4 23. Nxe4 Nf7 24. Qh4 Qc6 25. Qg3 c4 26. h4 f5 27. Ng5 Bf6
28. Nxf7 Kxf7 29. c3 Rxe1+ 30. Rxe1 Re8 31. Rxe8 Qxe8 32. Qf2 Qd7 33. g3 a5 34.
Kh2 a4 35. Qc5 Bg7 36. Bd6 h6 37. Be5 Bf8 38. Qb6 Be7 39. Bf4 g5 40. Be3 Qe6
41. Qa7 Kg6 42. hxg5 hxg5 43. Bd4 Qe2+ 44. Kg1 Qd1+ 45. Kg2 Qc2+ 46. Bf2 Bf6
47. Qd7 Qxb2 48. Qe8+ Kg7 49. Qd7+ Kh6 50. Qxf5 Bxc3 51. Kh3 Bg7 52. Be3 Qf6
53. Qc5 Qe5 54. Qb6+ Kh7 55. Kg4 Qe4+ 56. Kh3 b4 57. Qxb4 Qxe3 58. Qxc4 Be5 59.
Qf7+ Bg7 60. Qc4 a3 61. Qc2+ Kg8 62. Qc4+ Kf8 63. Qc8+ Kf7 64. Qf5+ Ke7 65. Qc2
Be5 66. Qh7+ Kd6 67. Qg6+ Kc5 68. Qc2+ Kb4 69. Kg4 Qxg3+ 70. Kh5 Qe3 71. Qc6
Bf4 72. Qe6 g4 73. Qf5 Qe5 74. Kh4 Bg3+ 75. Kxg4 Qxf5+ 0-1

[Event "18. Obert Int. Sant Marti 2016"]
[Site "Barcelona ESP"]
[Date "2016.07.13"]
[Round "1.9"]
[White "Narciso Dublan, Marc"]
[Black "Jayakumaar, S."]
[Result "1-0"]
[WhiteElo "2504"]
[BlackElo "2151"]
[PlyCount "93"]
[EventDate "2016.07.13"]
[EventType "swiss"]
[EventRounds "9"]
[EventCountry "ESP"]
[SourceTitle "Ajedrez en Madrid"]
[Source "lmi"]
[SourceDate "2016.07.13"]
[SourceVersion "1"]
[SourceVersionDate "2019.06.21"]
[SourceQuality "1"]

1. d4 d5 2. c4 e6 3. Nc3 Be7 4. cxd5 exd5 5. Bf4 Nf6 6. e3 Bf5 7. Qb3 Qc8 8.
Rc1 a6 9. Nxd5 Nxd5 10. Qxd5 Bb4+ 11. Kd1 Nc6 12. Qb3 Qd7 13. Nf3 O-O 14. Bd3
Be6 15. Qc2 g6 16. Be4 Na5 17. b3 c5 18. Ke2 Rac8 19. dxc5 Bxc5 20. Rhd1 Qe7
21. Qb1 Rfe8 22. Bd5 Bxd5 23. Rxd5 Bb4 24. Rxc8 Rxc8 25. Qd3 Nc6 26. Rd7 Qf6
27. Ng5 Be7 28. Ne4 Qe6 29. f3 Nb4 30. Qd1 f5 31. Ng5 Qb6 32. Kf2 Rc2+ 33. Kg3
Qf6 34. a3 h6 35. axb4 hxg5 36. Qxc2 gxf4+ 37. Kf2 fxe3+ 38. Ke2 Qg5 39. g3 b5
40. Qc8+ Kf7 41. Qc5 Ke8 42. Rxe7+ Qxe7 43. Qxe7+ Kxe7 44. Kxe3 g5 45. Kd4 Ke6
46. h3 Kd6 47. f4 1-0

[Event "18. Obert Int. Sant Marti 2016"]
[Site "Barcelona ESP"]
[Date "2016.07.13"]
[Round "1.10"]
[White "Snehal, Bhosale"]
[Black "Asis Gargatagli, Hipolito"]
[Result "0-1"]
[WhiteElo "2150"]
[BlackElo "2504"]
[PlyCount "74"]
[EventDate "2016.07.13"]
[EventType "swiss"]
[EventRounds "9"]
[EventCountry "ESP"]
[SourceTitle "Ajedrez en Madrid"]
[Source "lmi"]
[SourceDate "2016.07.13"]
[SourceVersion "1"]
[SourceVersionDate "2019.06.21"]
[SourceQuality "1"]

1. d4 Nf6 2. Nf3 g6 3. Bf4 Bg7 4. e3 d6 5. Be2 O-O 6. h3 Nbd7 7. O-O b6 8. Nbd2
Bb7 9. c3 Re8 10. Nc4 Ne4 11. Nfd2 e5 12. Bh2 Ng5 13. f4 exf4 14. exf4 Ne4 15.
Nxe4 Bxe4 16. Nd2 Bc2 17. Qxc2 Rxe2 18. Rae1 Qe7 19. Rxe2 Qxe2 20. Bg3 Qa6 21.
Qe4 Rf8 22. Qc6 Nf6 23. Bh4 Qxa2 24. Qxc7 Nd5 25. Qc4 Qxb2 26. Qxd5 Qxd2 27.
Qc6 b5 28. Kh2 b4 29. cxb4 Bxd4 30. Be7 Qe2 31. Bxf8 Qxf1 32. Bxd6 Kg7 33. Bf8+
Kg8 34. Bd6 Qg1+ 35. Kg3 Qe1+ 36. Kf3 Qe3+ 37. Kg4 h5+ 0-1

[Event "18. Obert Int. Sant Marti 2016"]
[Site "Barcelona ESP"]
[Date "2016.07.13"]
[Round "1.11"]
[White "Arizmendi Martinez, Julen Luis"]
[Black "Niraj, Saripalli"]
[Result "1-0"]
[WhiteElo "2501"]
[BlackElo "2140"]
[PlyCount "43"]
[EventDate "2016.07.13"]
[EventType "swiss"]
[EventRounds "9"]
[EventCountry "ESP"]
[SourceTitle "Ajedrez en Madrid"]
[Source "lmi"]
[SourceDate "2016.07.13"]
[SourceVersion "1"]
[SourceVersionDate "2019.06.21"]
[SourceQuality "1"]

1. d4 d5 2. c4 e6 3. Nf3 c6 4. e3 Bd6 5. Bd3 Nd7 6. O-O Ngf6 7. Nbd2 O-O 8. e4
e5 9. cxd5 cxd5 10. exd5 exd4 11. Ne4 Nc5 12. Nxf6+ gxf6 13. Nxd4 Be5 14. Bc2
Qxd5 15. Qh5 Ne4 16. Rd1 Rd8 17. Bb3 Qd7 18. Nb5 Qe7 19. Rxd8+ Qxd8 20. Qxf7+
Kh8 21. Bh6 f5 22. Rd1 1-0

[Event "18. Obert Int. Sant Marti 2016"]
[Site "Barcelona ESP"]
[Date "2016.07.13"]
[Round "1.12"]
[White "Harikrishnan.A.Ra"]
[Black "Oliva Castaneda, Kevel"]
[Result "0-1"]
[WhiteElo "2138"]
[BlackElo "2493"]
[PlyCount "186"]
[EventDate "2016.07.13"]
[EventType "swiss"]
[EventRounds "9"]
[EventCountry "ESP"]
[SourceTitle "Ajedrez en Madrid"]
[Source "lmi"]
[SourceDate "2016.07.13"]
[SourceVersion "1"]
[SourceVersionDate "2019.06.21"]
[SourceQuality "1"]

1. e4 c5 2. Nf3 e6 3. d4 cxd4 4. Nxd4 a6 5. c4 Nf6 6. Nc3 d6 7. Be2 Be7 8. O-O
O-O 9. Be3 b6 10. f3 Bb7 11. a4 Nbd7 12. a5 bxa5 13. Nb3 Rb8 14. Ba7 Rc8 15.
Nxa5 Ba8 16. Nb3 Bb7 17. Na5 Qc7 18. Bd4 Ba8 19. Nb3 Rb8 20. Ra2 Rfd8 21. Qc2
d5 22. exd5 exd5 23. c5 Nxc5 24. Na4 Ne6 25. Qxc7 Nxc7 26. Nbc5 Bc6 27. Nxa6
Nxa6 28. Bxa6 Rb4 29. Bxf6 Bxf6 30. Nc3 Bd4+ 31. Kh1 Ra8 32. Rfa1 g6 33. Bd3
Re8 34. h3 Kg7 35. Ra6 Re6 36. Ne2 Bxb2 37. Rb1 Bb7 38. Ra2 Reb6 39. Rd1 Be5
40. Rad2 h5 41. Rf1 Rb2 42. Rdd1 R6b3 43. Nc1 Rc3 44. Rfe1 Bf6 45. Ne2 Ra3 46.
Ng1 Raa2 47. Bb1 Ra1 48. Bd3 Rxd1 49. Rxd1 Bg5 50. Ne2 Rd2 51. Rxd2 Bxd2 52. f4
f5 53. Kh2 Kf6 54. g3 Be3 55. g4 fxg4 56. hxg4 hxg4 57. Kg3 Bc8 58. Nc3 Be6 59.
Be2 Bd2 60. Nb5 Be1+ 61. Kg2 Bf5 62. Nd4 Be4+ 63. Kf1 Bd2 64. Bxg4 Bxf4 65. Ke2
Be5 66. Nf3 Bf5 67. Bxf5 Kxf5 68. Nh4+ Kg5 69. Ng2 Bf4 70. Kf3 Bc1 71. Ne1 Kf5
72. Nd3 Bd2 73. Nf2 g5 74. Ng4 Bf4 75. Nh6+ Ke5 76. Ng4+ Kd4 77. Ke2 Kc3 78.
Nf6 Kc4 79. Ng4 d4 80. Nf2 Kc3 81. Ne4+ Kc2 82. Nf2 Bd6 83. Nd3 g4 84. Ne1+ Kc3
85. Nd3 g3 86. Ne1 Bc7 87. Ng2 d3+ 88. Kd1 Kd4 89. Kd2 Ba5+ 90. Kd1 Ke4 91. Nh4
Ke3 92. Ng2+ Kf3 93. Nh4+ Kf2 0-1

[Event "18. Obert Int. Sant Marti 2016"]
[Site "Barcelona ESP"]
[Date "2016.07.13"]
[Round "1.13"]
[White "Henriquez Villagra, Cristobal"]
[Black "Valls Marti, Artur"]
[Result "1-0"]
[WhiteElo "2491"]
[BlackElo "2133"]
[PlyCount "89"]
[EventDate "2016.07.13"]
[EventType "swiss"]
[EventRounds "9"]
[EventCountry "ESP"]
[SourceTitle "Ajedrez en Madrid"]
[Source "lmi"]
[SourceDate "2016.07.13"]
[SourceVersion "1"]
[SourceVersionDate "2019.06.21"]
[SourceQuality "1"]

1. e4 c5 2. Nf3 d6 3. Bb5+ Nd7 4. O-O a6 5. Bd3 g6 6. c3 Bg7 7. Bc2 e5 8. d4
Ne7 9. Be3 Qc7 10. a4 O-O 11. Na3 Rb8 12. Qd2 b5 13. dxc5 Nxc5 14. axb5 axb5
15. Rfd1 Rd8 16. b4 Ne6 17. Bb3 Qb7 18. Qd3 h6 19. Nc2 Qd7 20. h4 f5 21. Bc5
Qc6 22. exf5 gxf5 23. Ne3 e4 24. Qxd6 Rxd6 25. Rxd6 exf3 26. Rxc6 Nxc6 27. Bd6
f4 28. Nf5 Bxc3 29. Rc1 Ra8 30. Rxc3 Ra1+ 31. Kh2 fxg2 32. Kxg2 Kh7 33. Rxc6
Bb7 34. Bd5 Bxc6 35. Bxc6 Kg6 36. Be4 Re1 37. Kf3 Kh5 38. Bxf4 Nd4+ 39. Nxd4
Rd1 40. Be3 Kxh4 41. Nxb5 h5 42. Nc3 Ra1 43. Kg2 Ra3 44. Nd5 Rb3 45. Ne7 1-0

[Event "18. Obert Int. Sant Marti 2016"]
[Site "Barcelona ESP"]
[Date "2016.07.13"]
[Round "1.14"]
[White "Martin Capitan, Feliciano"]
[Black "Alvarez Pedraza, Aramis"]
[Result "1/2-1/2"]
[WhiteElo "2124"]
[BlackElo "2484"]
[PlyCount "83"]
[EventDate "2016.07.13"]
[EventType "swiss"]
[EventRounds "9"]
[EventCountry "ESP"]
[SourceTitle "Ajedrez en Madrid"]
[Source "lmi"]
[SourceDate "2016.07.13"]
[SourceVersion "1"]
[SourceVersionDate "2019.06.21"]
[SourceQuality "1"]

1. e4 g6 2. d4 Bg7 3. Nc3 c6 4. Be3 d5 5. f3 dxe4 6. fxe4 Nf6 7. Be2 O-O 8. e5
Nd5 9. Nxd5 Qxd5 10. Nf3 f6 11. O-O Be6 12. Qd2 fxe5 13. Nxe5 Rxf1+ 14. Rxf1
Bxe5 15. dxe5 Qxd2 16. Bxd2 Nd7 17. Bc3 Rf8 18. Rxf8+ Kxf8 19. b3 Bf5 20. Bd1
Kf7 21. g4 Be4 22. Kf2 Ke6 23. Ke3 Bh1 24. Kf4 h6 25. h4 Nf8 26. Be2 Kf7 27.
Bd3 Bd5 28. Bd2 Kg7 29. Be3 a6 30. Kg3 Bf7 31. Bc5 Nd7 32. Bxe7 Nxe5 33. g5
hxg5 34. hxg5 Nxd3 35. cxd3 Bd5 36. Kf4 Kf7 37. Bf6 Ke6 38. Ke3 c5 39. d4 c4
40. bxc4 Bxc4 41. a3 Kd5 42. Kd2 1/2-1/2

[Event "18. Obert Int. Sant Marti 2016"]
[Site "Barcelona ESP"]
[Date "2016.07.13"]
[Round "1.15"]
[White "Munoz, Miguel"]
[Black "Sadhwani, Raunak"]
[Result "1/2-1/2"]
[WhiteElo "2477"]
[BlackElo "2122"]
[PlyCount "108"]
[EventDate "2016.07.13"]
[EventType "swiss"]
[EventRounds "9"]
[EventCountry "ESP"]
[SourceTitle "Ajedrez en Madrid"]
[Source "lmi"]
[SourceDate "2016.07.13"]
[SourceVersion "1"]
[SourceVersionDate "2019.06.21"]
[SourceQuality "1"]

1. e4 c5 2. g3 Nc6 3. Bg2 g6 4. Ne2 Bg7 5. c3 e5 6. d3 Nge7 7. Be3 d6 8. O-O
O-O 9. f4 Be6 10. Nd2 Rc8 11. Nf3 Qd7 12. Qd2 Bh3 13. Bxh3 Qxh3 14. d4 cxd4 15.
cxd4 exd4 16. Nexd4 d5 17. e5 Qd7 18. Rad1 Rfd8 19. Qf2 b6 20. Rd2 Nxd4 21.
Nxd4 Nf5 22. Rfd1 Nxd4 23. Bxd4 Qe6 24. Qf3 Rd7 25. g4 f5 26. exf6 Bxf6 27.
Bxf6 Qxf6 28. Rxd5 Rf7 29. R5d4 Rc1 30. Kg2 Rc2+ 31. Kg1 Rc1 32. Rb4 Qd6 33.
Rxc1 Qxb4 34. Rc8+ Kg7 35. Qc3+ Qxc3 36. Rxc3 Rxf4 37. h3 Rf7 38. Kg2 Kh6 39.
h4 Kg7 40. Kg3 h6 41. Rc6 Rf6 42. Rc8 a6 43. b3 Kf7 44. g5 hxg5 45. hxg5 Re6
46. Kf4 Ke7 47. b4 Kd7 48. Rf8 Ke7 49. Rg8 b5 50. Ra8 Kd7 51. Ra7+ Ke8 52. Rg7
Kf8 53. Rh7 Re2 54. a3 Re6 1/2-1/2

[Event "18. Obert Int. Sant Marti 2016"]
[Site "Barcelona ESP"]
[Date "2016.07.13"]
[Round "1.16"]
[White "Tahay, Alexis"]
[Black "Ortega Amarelle, Mariano"]
[Result "1/2-1/2"]
[WhiteElo "2119"]
[BlackElo "2465"]
[PlyCount "131"]
[EventDate "2016.07.13"]
[EventType "swiss"]
[EventRounds "9"]
[EventCountry "ESP"]
[SourceTitle "Ajedrez en Madrid"]
[Source "lmi"]
[SourceDate "2016.07.13"]
[SourceVersion "1"]
[SourceVersionDate "2019.06.21"]
[SourceQuality "1"]

1. e4 e5 2. Nf3 Nc6 3. Bb5 a6 4. Ba4 Nge7 5. c3 g6 6. d4 exd4 7. cxd4 Bg7 8. d5
Na5 9. Bd2 c5 10. Bc3 O-O 11. d6 Nec6 12. Bxg7 Kxg7 13. Nc3 b5 14. Bc2 Qf6 15.
O-O Nb7 16. Qe2 Qxd6 17. Rfd1 Qb8 18. a4 b4 19. Nd5 d6 20. Qe3 Be6 21. h4 f6
22. h5 g5 23. e5 dxe5 24. Nxg5 fxg5 25. Qxg5+ Kh8 26. Qh6 Bg8 27. Qxc6 Ra7 28.
Ne3 Nd8 29. Qxc5 Ne6 30. Qd6 Qxd6 31. Rxd6 Nd4 32. Bd3 a5 33. Ng4 Nb3 34. Re1
Nc5 35. Bb5 e4 36. Rc6 Nd3 37. Bxd3 exd3 38. Rd6 Bb3 39. Rxd3 Bxa4 40. Rde3 Bc6
41. Re7 Rfa8 42. h6 Rxe7 43. Rxe7 Bd5 44. Nf6 Bg8 45. Rb7 Ra6 46. Nxg8 Kxg8 47.
f4 Rxh6 48. Ra7 Rf6 49. g3 Rc6 50. Rxa5 Rc2 51. b3 Rb2 52. Ra7 Rxb3 53. Kg2 Rb1
54. Rb7 b3 55. Kh3 b2 56. Kg4 Kf8 57. Kf5 Rg1 58. Rb8+ Kf7 59. Rxb2 Rxg3 60.
Rb7+ Kg8 61. Ke5 Rg6 62. Rb1 Kf7 63. f5 Ra6 64. Rb7+ Kg8 65. Kf4 h6 66. Kg4
1/2-1/2

[Event "18. Obert Int. Sant Marti 2016"]
[Site "Barcelona ESP"]
[Date "2016.07.13"]
[Round "1.17"]
[White "Swayams, Mishra"]
[Black "Garcia Marin, Guillem"]
[Result "1/2-1/2"]
[WhiteElo "2457"]
[BlackElo "2116"]
[PlyCount "77"]
[EventDate "2016.07.13"]
[EventType "swiss"]
[EventRounds "9"]
[EventCountry "ESP"]
[SourceTitle "Ajedrez en Madrid"]
[Source "lmi"]
[SourceDate "2016.07.13"]
[SourceVersion "1"]
[SourceVersionDate "2019.06.21"]
[SourceQuality "1"]

1. d4 Nf6 2. c4 g6 3. Nc3 d5 4. Nf3 Bg7 5. Bf4 O-O 6. e3 Be6 7. Ng5 c5 8. dxc5
Ne4 9. Ngxe4 dxe4 10. Qc2 Qa5 11. Be2 Na6 12. O-O Bxc3 13. bxc3 Nxc5 14. Rfb1
Qa6 15. Rb5 Rac8 16. Rab1 b6 17. R5b4 Rfd8 18. Rd1 Rxd1+ 19. Qxd1 Qxa2 20. h4
Qa3 21. Be5 Nd3 22. Bxd3 exd3 23. Qxd3 Qa1+ 24. Kh2 Qa2 25. Bg3 Qa5 26. Qd1 Qc5
27. Qa1 a5 28. Rb5 Qxc4 29. Rxb6 Qxc3 30. Qxc3 Rxc3 31. Be5 Rc4 32. Ra6 a4 33.
Bd4 Bc8 34. Ra7 e5 35. Bxe5 Rxh4+ 36. Kg3 Rg4+ 37. Kh2 Rh4+ 38. Kg3 Rg4+ 39.
Kh2 1/2-1/2

[Event "18. Obert Int. Sant Marti 2016"]
[Site "Barcelona ESP"]
[Date "2016.07.13"]
[Round "1.18"]
[White "Fernandez Aguilar, Francisco"]
[Black "Cuartas, Jaime Alexander"]
[Result "0-1"]
[WhiteElo "2114"]
[BlackElo "2455"]
[PlyCount "48"]
[EventDate "2016.07.13"]
[EventType "swiss"]
[EventRounds "9"]
[EventCountry "ESP"]
[SourceTitle "Ajedrez en Madrid"]
[Source "lmi"]
[SourceDate "2016.07.13"]
[SourceVersion "1"]
[SourceVersionDate "2019.06.21"]
[SourceQuality "1"]

1. d4 Nf6 2. Nf3 c5 3. e3 cxd4 4. exd4 d5 5. c3 Nc6 6. Bf4 Bg4 7. Nbd2 e6 8.
Qb3 Bd6 9. Qxb7 O-O 10. Bxd6 Qxd6 11. Bb5 Bxf3 12. Nxf3 Nb4 13. cxb4 Qxb4+ 14.
Ke2 Rab8 15. Qxa7 Qxb5+ 16. Ke3 Ng4+ 17. Kf4 Nxf2 18. Rhf1 Qe2 19. Kg3 Rxb2 20.
Rg1 Qe3 21. Qe7 Ne4+ 22. Kh3 g5 23. Rae1 Nf2+ 24. Kg3 Qf4# 0-1

[Event "18. Obert Int. Sant Marti 2016"]
[Site "Barcelona ESP"]
[Date "2016.07.13"]
[Round "1.19"]
[White "Debashis, Das"]
[Black "Martin Perez, Laura"]
[Result "1-0"]
[WhiteElo "2451"]
[BlackElo "2104"]
[PlyCount "59"]
[EventDate "2016.07.13"]
[EventType "swiss"]
[EventRounds "9"]
[EventCountry "ESP"]
[SourceTitle "Ajedrez en Madrid"]
[Source "lmi"]
[SourceDate "2016.07.13"]
[SourceVersion "1"]
[SourceVersionDate "2019.06.21"]
[SourceQuality "1"]

1. d4 Nf6 2. c4 e6 3. Nc3 Bb4 4. e3 b6 5. Bd3 Bb7 6. Nf3 O-O 7. O-O d6 8. Bd2
Nbd7 9. a3 Bxc3 10. Bxc3 Ne4 11. Be1 f5 12. Qe2 Rf6 13. Nd2 Rg6 14. f3 Nxd2 15.
Qxd2 Qf6 16. Rd1 e5 17. Be2 Qg5 18. Rf2 Nf6 19. dxe5 dxe5 20. Qc3 Re8 21. c5 f4
22. Bc4+ Kh8 23. exf4 exf4 24. Bf7 Nd5 25. Rxd5 Bxd5 26. Bxe8 Re6 27. Bb5 Re3
28. Qc1 Rxf3 29. Rxf3 Bxf3 30. Bf1 1-0

[Event "18. Obert Int. Sant Marti 2016"]
[Site "Barcelona ESP"]
[Date "2016.07.13"]
[Round "1.21"]
[White "Li, Di"]
[Black "Ginesta Caballero, Olga Lucia"]
[Result "1-0"]
[WhiteElo "2426"]
[BlackElo "2088"]
[PlyCount "77"]
[EventDate "2016.07.13"]
[EventType "swiss"]
[EventRounds "9"]
[EventCountry "ESP"]
[SourceTitle "Ajedrez en Madrid"]
[Source "lmi"]
[SourceDate "2016.07.13"]
[SourceVersion "1"]
[SourceVersionDate "2019.06.21"]
[SourceQuality "1"]

1. d4 Nf6 2. c4 e6 3. Nf3 Bb4+ 4. Nbd2 b6 5. g3 Bb7 6. Bg2 O-O 7. O-O Bxd2 8.
Qxd2 Be4 9. b3 d6 10. Bb2 Nbd7 11. Rfd1 Qc8 12. Bh3 h6 13. Ne1 Qd8 14. f3 Bb7
15. e4 e5 16. Nc2 Re8 17. Ne3 exd4 18. Qxd4 Ne5 19. Bg2 Rb8 20. Qc3 Qe7 21. Nf5
Qf8 22. Re1 Bc8 23. f4 Ned7 24. Qc2 Bb7 25. h3 g6 26. Nh4 Nh5 27. Kh2 Qe7 28.
Qc3 Qf6 29. Qd2 Qe7 30. Nf3 Nhf6 31. Qc3 Qf8 32. Nd2 Qg7 33. Re2 Nh5 34. Qc2
Qf8 35. Rae1 a5 36. Nb1 Nhf6 37. Nc3 Ba8 38. Nd5 Bxd5 39. cxd5 1-0

[Event "18. Obert Int. Sant Marti 2016"]
[Site "Barcelona ESP"]
[Date "2016.07.13"]
[Round "1.22"]
[White "Gil Quilez, Sonia"]
[Black "Aguero Jimenez, Luis Lazaro"]
[Result "1/2-1/2"]
[WhiteElo "2085"]
[BlackElo "2415"]
[PlyCount "127"]
[EventDate "2016.07.13"]
[EventType "swiss"]
[EventRounds "9"]
[EventCountry "ESP"]
[SourceTitle "Ajedrez en Madrid"]
[Source "lmi"]
[SourceDate "2016.07.13"]
[SourceVersion "1"]
[SourceVersionDate "2019.06.21"]
[SourceQuality "1"]

1. d4 Nf6 2. Nf3 g6 3. c4 Bg7 4. Nc3 O-O 5. e4 d6 6. Be2 e5 7. Be3 Nbd7 8. d5
Ng4 9. Bg5 f6 10. Bh4 h5 11. Nd2 Nh6 12. f3 Nf7 13. O-O Bh6 14. Bf2 a5 15. Na4
b6 16. a3 Nc5 17. Nb1 f5 18. Nbc3 Bf4 19. b4 Nxa4 20. Nxa4 axb4 21. axb4 Qg5
22. Qd3 fxe4 23. fxe4 h4 24. Kh1 Qh6 25. Nc3 Bd7 26. Rfd1 Ng5 27. Be1 Nh7 28.
Nb5 Bxb5 29. cxb5 Nf6 30. Ra6 Be3 31. Rda1 Rac8 32. Bf3 h3 33. gxh3 Qxh3 34.
Bg2 Qh6 35. Bg3 Ng4 36. Qe2 Nf2+ 37. Bxf2 Bxf2 38. R6a3 Bd4 39. Rf1 Rxf1+ 40.
Bxf1 Rf8 41. Rg3 Rf4 42. Qg2 Kg7 43. Rh3 Rh4 44. Qg3 Qc1 45. Qg2 Rf4 46. Rf3
Qe1 47. Rxf4 exf4 48. Qe2 Qb1 49. Kg2 Qxb4 50. Qg4 Be3 51. Qd7+ Kh6 52. Qh3+
Kg5 53. Kf3 Qc3 54. Qg4+ Kh6 55. Qh4+ Kg7 56. Qe7+ Kg8 57. Qe8+ Kh7 58. Qe7+
Qg7 59. Qxg7+ Kxg7 60. Bh3 Kf6 61. Bd7 Ke5 62. h3 g5 63. Be8 Kd4 64. Bc6
1/2-1/2